| 000 | 01093cam a2200313Ka 4500 | ||
|---|---|---|---|
| 005 | 20211210112627.0 | ||
| 008 | 150520s2012 xxuad frb 001 0 eng d | ||
| 020 | _a9781461422440 | ||
| 035 | _a(OCoLC)773812769 | ||
| 040 |
_aCO-BoUCM _cDeissy Garcia (modificó) _dJose A. Gerena _bspa |
||
| 041 | 0 | _aeng | |
| 060 | _aQH 438.4 | ||
| 245 | 0 | 0 |
_aAnalysis of genetic association studies _cGang Zheng ... [y otros] |
| 260 |
_aNueva York (Estados Unidos) _bSpringer _c2012 |
||
| 300 |
_axxii, 414 páginas _bilustraciones, cuadros, gráficas |
||
| 490 | 0 | _aStatistics for biology and health | |
| 504 | _aIncluye referencias bibliográficas e índices | ||
| 650 | 7 |
_aGenética _9207 |
|
| 650 | 7 |
_aMétodos matemáticos _919461 _xAspectos genéticos |
|
| 650 | 7 |
_aBioestadística _910100 |
|
| 650 | 7 |
_914660 _aEpidemiología |
|
| 690 |
_aGenética _9207 |
||
| 700 | 1 |
_aZheng, Gang _968975 |
|
| 700 | 1 |
_aYang, Yaning _968976 |
|
| 700 | 1 |
_aZhu, Xiaofeng _968977 |
|
| 700 | 1 |
_aElston, Robert C. _968978 |
|
| 942 |
_2NLM _a15 _cLIBRO _e1 _hQH 438.4 _mA532 _n0 |
||
| 999 |
_c299593 _d299593 |
||